| 000 | 00453nam a2200133Ia 4500 | ||
|---|---|---|---|
| 008 | 220217s9999||||xx |||||||||||||| ||und|| | ||
| 020 | _a978-81-8404-482-9 | ||
| 082 | _a004.67 KOO | ||
| 100 |
_aKooijmans, Alex Louwe, Hanya, Yukari. Jabcuga, Keith. Van De _95968 |
||
| 245 | 0 | _aSecurity websohere application server version 6.1 and J2EE 1 | |
| 260 |
_aShroff publishers and dis. Pvt. _bMumbai _c2007 |
||
| 300 | _b600 | ||
| 650 | _aCOMPUTER NETWORK | ||
| 999 |
_c177218 _d177218 |
||